| 000 | 00000nam##2200000za#4500 |
| 001 | 9.644372 |
| 003 | CaOODSP |
| 005 | 20250506145324 |
| 007 | cr ||||||||||| |
| 008 | 150407|1958||||xxc|||||o f|0| 0 fre|d |
| 040 | |aCaOODSP|bfre |
| 043 | |an-cn--- |
| 086 | 1 |aA63-1031/1958F-PDF |
| 110 | 1 |aCanada.|bAgriculture Canada. |
| 245 | 10|aRaces de moutons et leur exploitation au Canada / |h[ressource électronique]|c[par] J.W. Graham. |
| 260 | |aOttawa - Ontario : |bAgriculture Canada |c1958. |
| 300 | |a12p.|bill. |
| 500 | |aPublication historique numérisée par Agriculture et Agroalimentaire Canada. |
| 590 | |a15-05-Supp|b2015-03-31 |
| 691 | 07|aFlore|2gcpds |
| 856 | 40|ahttp://publications.gc.ca|qPDF|s1436 Ko|uhttps://publications.gc.ca/collections/collection_2015/aac-aafc/A63-1031-1958-fra.pdf |
| 986 | |aPublication 1031 |